| 000 | 006220000a22001810004500 | ||
|---|---|---|---|
| 003 | MACL | ||
| 005 | 20160611162302.0 | ||
| 008 | 160611b xxu||||| |||| 00| 0 eng d | ||
| 040 |
_aMACL _cmacl |
||
| 041 | _aHindi | ||
| 082 | _a741.642 | ||
| 100 |
_aप्रेम, रमेशचन्द्र _964489 |
||
| 245 |
_aगर्मी और हमारा जीवन _cरमेशचन्द्र प्रेम |
||
| 260 |
_bआत्माराम एण्ड संस _c1962 _aनई दिल्ली |
||
| 350 | _a2 | ||
| 650 |
_aChlidren Books _964490 |
||
| 942 |
_cHIN _k741.642 _2ddc |
||
| 999 |
_c25711 _d25711 |
||